00526pam a2200157 a 4500020000500000041000500005082001300010100001800023245006500041250001100106260003700117300001600154930000900170999001900179952017000198 c h a337bKRU aKrugman, P.R. aInternational Economics Theory And PolicyhTextual Documents a1st ed aNew YorkbAddison - Wesleyc2005 aXXX/750/I20 a3456 c110287d110287 00102ddc4070aAKSbAKScAKS-MBA-Ref-Rack-2d2006-02-22eGrolier Book Companyg4395.00l1o337 KRUpAKS-M-06731r2026-02-23 00:00:00s2026-02-12t1w2023-03-01yBK